|
|
|
|
| LEADER |
00000nab a2200000ua 4500 |
| 001 |
vtls010830989 |
| 003 |
SK-MaSNL |
| 005 |
20260303144530.0 |
| 008 |
230222s1992 xo |||||||||||||||||eng| |
| 035 |
|
|
|a (urnnbn)urn:nbn:sk:snk:ar-a06huo
|
| 035 |
|
|
|a urn:nbn:sk:snk-ab5vzg
|
| 035 |
|
|
|a (uuid)66136c8d-34bf-47d4-bff8-03f68fbc2b69
|
| 040 |
|
|
|a SNKBUCL
|b slo
|c SNKBUCL
|e AACR2
|
| 041 |
0 |
|
|a eng
|
| 044 |
|
|
|a xo
|c SK
|
| 100 |
1 |
|
|a Kalafut, F.
|4 aut
|9 1160128
|
| 245 |
1 |
0 |
|a Tumor necrosis factor as a potent effector molecule for tumor cell killing by activated rat peritoneal macrophages in vitro
|c F. Kalafut, J. Kusenda, Ľ. Novotná, M. Klobušická
|
| 700 |
1 |
|
|a Kusenda, J.
|4 aut
|9 790397
|
| 700 |
1 |
|
|a Novotná, Ľ.
|4 aut
|9 532238
|
| 700 |
1 |
|
|a Klobušická, M.
|4 aut
|9 790396
|
| 773 |
0 |
|
|t Neoplasma : journal of experimental and clinical oncology
|g Roč. 39, č. 1 (1992), s. 23-28
|
| 958 |
|
|
|a OND
|
| 958 |
|
|
|a EUIPO
|
| 958 |
|
|
|a article5
|
| 999 |
|
|
|c 1997751
|d 1999681
|